000 00702nam a2200253Ia 4500
003 OSt
005 20220918221025.0
006 a|||||r|||| 00| 0
007 ta
008 220917b |||||||| |||| 00| 0 eng d
024 _a147,870
037 _cTextual
040 _aARTS
_cARTS
_beng
041 _2eng
_aeng
082 _aY72:6.27753, M2
100 _aKar Parimal Chandra
_9104617
245 0 _aGaros in transtition
260 _aNew Delhi
_bCosmo
_c1982
300 _axvi,304p. illus tables
_ccm.
500 _aGlossary p271-277; Bibliography p278-300
650 _aSOCIOLOGY
942 _hY72:6.27753, M2
_cTEXL
_2CC
999 _c270605
_d270605